Autocad release 12 for windows; T1
Сохранить в:
| Главный автор: | |
|---|---|
| Формат: | |
| Язык: | Undetermined |
| Опубликовано: |
Tp. HCM
Trẻ
1995
|
| Предметы: | |
| Метки: |
Добавить метку
Нет меток, Требуется 1-ая метка записи!
|
| Thư viện lưu trữ: | Trung tâm Học liệu Trường Đại học Cần Thơ |
|---|
| LEADER | 00588nam a2200169Ia 4500 | ||
|---|---|---|---|
| 001 | CTU_15503 | ||
| 008 | 210402s9999 xx 000 0 und d | ||
| 082 | |a 620.00420285 | ||
| 082 | |b A111/T | ||
| 100 | |a Autocad release 12 for windows; T1 | ||
| 245 | 0 | |a Autocad release 12 for windows; T1 | |
| 245 | 0 | |c Autocad release 12 for windows; T1; Dịch giả: Hoàng Văn Đặng | |
| 260 | |a Tp. HCM | ||
| 260 | |b Trẻ | ||
| 260 | |c 1995 | ||
| 650 | |a autocad ( computer programs ),programming languages ( electronic computers ) | ||
| 980 | |a Trung tâm Học liệu Trường Đại học Cần Thơ | ||